000
00301nam a22001457a 4500
008
230524b ||||| |||| 00| 0 eng d
020
_a
9782253051206
041
_a
FRA
080
_a
82
082
_a
82MAA
100
_a
38
101
_a
GJL
245
_a
SAMARACANDE
_c
MAALOUF.A
942
_2
udc
_c
BK
999
_c
59844
_d
59844